[Event "Kiel op 35th"]
[Site "Kiel"]
[Date "2023.08.02"]
[Round "7"]
[White "Serreck, Uwe"]
[Black "Dorendorf, Mika"]
[Result "1/2-1/2"]
[WhiteElo "1845"]
[BlackElo "1689"]
[PlyCount "60"]
[EventDate "2023.07.29"]
[EventType "swiss"]
[EventRounds "9"]
[EventCountry "GER"]
[SourceTitle "CBM 215 Extra"]
[Source "ChessBase"]
[SourceDate "2023.09.30"]
[SourceVersion "1"]
[SourceVersionDate "2023.09.30"]
[SourceQuality "1"]

1. e4 c5 2. b3 Nc6 3. Bb2 d6 4. Bb5 e5 5. Bxc6+ bxc6 6. Ne2 g6 7. 0-0 Bg7 8. d3 Nf6 9. Nd2 0-0 10. h3 Re8 11. f4 exf4 12. Nxf4 Nxe4 13. Bxg7 Nxd2 14. Qxd2 Kxg7 15. Qc3+ Kg8 16. d4 Ba6 17. Rf2 Qb6 18. dxc5 Qxc5 19. Qxc5 dxc5 20. c4 Rad8 21. Kf1 Bc8 22. Re1 Rxe1+ 23. Kxe1 Bf5 24. g4 Be4 25. Re2 Rd4 26. Re3 Bb1 27. Ne2 Rd3 28. Rxd3 Bxd3 29. Nc3 g5 30. Kf2 Kf8 1/2-1/2

[Event "GER-ch U25-B"]
[Site "Willingen"]
[Date "2023.05.31"]
[Round "5"]
[White "Groessing, Daniel Yosuke"]
[Black "Dorendorf, Mika"]
[Result "1/2-1/2"]
[WhiteElo "1615"]
[BlackElo "1782"]
[PlyCount "70"]
[EventDate "2023.05.27"]
[EventType "swiss"]
[EventRounds "9"]
[EventCountry "GER"]
[SourceTitle "CBM 214 Extra"]
[Source "ChessBase"]
[SourceDate "2023.07.31"]
[SourceVersion "1"]
[SourceVersionDate "2023.07.31"]
[SourceQuality "1"]

1. d4 d5 2. c4 e6 3. Nc3 Nf6 4. Bg5 Be7 5. e3 0-0 6. Nf3 h6 7. Bh4 Nbd7 8. Bd3 c5 9. 0-0 b6 10. cxd5 Nxd5 11. Bg3 Bb7 12. Rc1 Rc8 13. Qd2 cxd4 14. Nxd5 Bxd5 15. Nxd4 Nc5 16. Bb1 Qd7 17. Qe2 Rfd8 18. Rfd1 Qb7 19. f3 Bf6 20. Nb5 Qa6 21. b4 Bc6 22. bxc5 Bxb5 23. Qc2 Rxd1+ 24. Rxd1 g6 25. Qe4 Rxc5 26. Bh4 Qa4 27. Qa8+ Kh7 28. Bxf6 Qxd1+ 29. Kf2 Qd2+ 30. Kg3 Qe1+ 31. Kh3 Rh5+ 32. Kg4 Rg5+ 33. Kh3 Rh5+ 34. Kg4 Rg5+ 35. Kh3 Rh5+ 1/2-1/2

[Event "GER-ch U25-B"]
[Site "Willingen"]
[Date "2023.05.30"]
[Round "4"]
[White "Blome, Johannes"]
[Black "Dorendorf, Mika"]
[Result "1/2-1/2"]
[WhiteElo "1849"]
[BlackElo "1782"]
[PlyCount "59"]
[EventDate "2023.05.27"]
[EventType "swiss"]
[EventRounds "9"]
[EventCountry "GER"]
[SourceTitle "CBM 214 Extra"]
[Source "ChessBase"]
[SourceDate "2023.07.31"]
[SourceVersion "1"]
[SourceVersionDate "2023.07.31"]
[SourceQuality "1"]

1. e4 c5 2. Nc3 Nc6 3. Nge2 g6 4. g3 Nh6 5. Bg2 Bg7 6. 0-0 0-0 7. d3 d6 8. f4 f5 9. h3 Rb8 10. a4 a6 11. Kh2 b5 12. axb5 axb5 13. exf5 Nd4 14. fxg6 hxg6 15. Ne4 b4 16. Nxd4 Bxd4 17. Qe1 Kg7 18. c3 bxc3 19. bxc3 Bf6 20. Nxf6 exf6 21. Ra7+ Rf7 22. Rxf7+ Nxf7 23. Rf2 Bb7 24. Bxb7 Rxb7 25. Re2 Kf8 26. c4 Re7 27. Rxe7 Qxe7 28. Qxe7+ Kxe7 29. Kg2 Ke6 30. Be3 1/2-1/2

[Event "GER-chT U14"]
[Site "Kelheim"]
[Date "2022.12.27"]
[Round "2"]
[White "Dorendorf, Mika"]
[Black "Khachaturyan, Konstantin"]
[Result "1-0"]
[WhiteElo "1783"]
[BlackElo "1361"]
[PlyCount "97"]
[EventDate "2022.12.26"]
[EventType "team-swiss"]
[EventRounds "7"]
[EventCountry "GER"]
[SourceTitle "CBM 212 Extra"]
[Source "ChessBase"]
[SourceDate "2023.03.31"]
[SourceVersion "1"]
[SourceVersionDate "2023.03.31"]
[SourceQuality "1"]
[WhiteTeam "Hamburger SK"]
[BlackTeam "Karlsruhe"]
[WhiteTeamCountry "GER"]
[BlackTeamCountry "GER"]

1. d4 c6 2. c4 d5 3. cxd5 cxd5 4. Nc3 Nc6 5. Bf4 Nf6 6. e3 a6 7. Bd3 g6 8. Nf3 Bf5 9. 0-0 Bxd3 10. Qxd3 Bg7 11. a4 0-0 12. Rfb1 a5 13. Na2 Qd7 14. b4 Nxb4 15. Nxb4 axb4 16. Rxb4 Nh5 17. Bg3 Nxg3 18. hxg3 Rfc8 19. Qb5 Qxb5 20. Rxb5 Rc7 21. Rxd5 e6 22. Rb5 Bf6 23. Nd2 Bd8 24. Ne4 Be7 25. a5 Ra7 26. Kf1 Rc6 27. Rab1 Rc7 28. Ke2 Kg7 29. Kd3 Rd7 30. Nc5 Bxc5 31. Rxc5 Rd6 32. Rc7 Rda6 33. Rbxb7 Rxb7 34. Rxb7 Rxa5 35. Rc7 Ra2 36. Rc2 Ra3+ 37. Kc4 Ra5 38. e4 Ra4+ 39. Kd3 Ra3+ 40. Rc3 Ra2 41. Ke3 Ra5 42. Rd3 f5 43. f3 Ra2 44. Rd2 Ra3+ 45. Kf4 h6 46. Ke5 Kf7 47. Rc2 Re3 48. Rc7+ Kf8 49. Kf6 1-0

[Event "GER-chT U12"]
[Site "Naumburg Saale"]
[Date "2022.03.28"]
[Round "6.4"]
[White "Dorendorf, Mika"]
[Black "Detjen, Mattes"]
[Result "1-0"]
[WhiteElo "1550"]
[BlackElo "1124"]
[PlyCount "51"]
[EventDate "2022.03.25"]
[EventType "team-swiss"]
[EventRounds "6"]
[EventCountry "GER"]
[SourceTitle "EXT 2023"]
[Source "ChessBase"]
[SourceDate "2022.10.05"]
[SourceVersion "1"]
[SourceVersionDate "2022.10.05"]
[SourceQuality "1"]
[WhiteTeam "Hamburger SK"]
[BlackTeam "Werder Bremen"]
[WhiteTeamCountry "GER"]
[BlackTeamCountry "GER"]

1. e4 e5 2. Nf3 Nc6 3. d4 exd4 4. Bc4 Nf6 5. 0-0 Nxe4 6. Re1 d5 7. Bxd5 Qxd5 8. Nc3 Qd8 9. Rxe4+ Be6 10. Nxd4 Nxd4 11. Rxd4 Bd6 12. Nb5 Ke7 13. Bf4 Kf8 14. Nxc7 Rc8 15. Nxe6+ fxe6 16. Rxd6 Qf6 17. Qd4 Qf7 18. Rd7 Qf6 19. Be5 Qg6 20. Qd6+ Kg8 21. Rxg7+ Qxg7 22. Bxg7 Kxg7 23. Qe7+ Kg6 24. Qxe6+ Kg7 25. Rd1 Rcd8 26. Qe7+ 1-0

[Event "GER-ch U12"]
[Site "Willingen"]
[Date "2021.08.26"]
[Round "6"]
[White "Wieser, Rouven"]
[Black "Dorendorf, Mika"]
[Result "1-0"]
[WhiteElo "1295"]
[BlackElo "1492"]
[PlyCount "75"]
[EventDate "2021.08.22"]
[EventType "swiss"]
[EventRounds "9"]
[EventCountry "GER"]
[SourceTitle "EXT 2022"]
[Source "ChessBase"]
[SourceDate "2021.10.06"]
[SourceVersion "1"]
[SourceVersionDate "2021.10.06"]
[SourceQuality "1"]

1. e4 e6 2. d4 d6 3. Nc3 g6 4. Nf3 b6 5. g3 Bg7 6. Bg2 Bb7 7. 0-0 Nd7 8. Re1 Ne7 9. Qd3 0-0 10. Be3 h6 11. Qd2 Kh7 12. Rad1 Rc8 13. a3 a6 14. b4 Nf6 15. Qe2 Bxe4 16. Nxe4 Nxe4 17. Qxa6 Nc3 18. Rd3 Ned5 19. Qc4 Nxe3 20. fxe3 Nd5 21. e4 Ne7 22. Rde3 Qd7 23. Qd3 Ra8 24. d5 e5 25. c4 Qa4 26. Nh4 h5 27. Qe2 Bh6 28. Rd3 Ra7 29. g4 hxg4 30. Qxg4 Qc2 31. Rh3 Qxc4 32. Nf3 Rh8 33. Qd7 Kg7 34. Qxe7 Qa6 35. Rf1 Qc8 36. Ng5 Rf8 37. Rxf7+ Kg8 38. Rxh6 1-0

[Event "GER-ch U12"]
[Site "Willingen"]
[Date "2021.08.23"]
[Round "2"]
[White "Huber, Benedikt Thomas"]
[Black "Dorendorf, Mika"]
[Result "0-1"]
[WhiteElo "1613"]
[BlackElo "1492"]
[PlyCount "62"]
[EventDate "2021.08.22"]
[EventType "swiss"]
[EventRounds "9"]
[EventCountry "GER"]
[SourceTitle "EXT 2022"]
[Source "ChessBase"]
[SourceDate "2021.10.06"]
[SourceVersion "1"]
[SourceVersionDate "2021.10.06"]
[SourceQuality "1"]

1. e4 c5 2. Nf3 Nc6 3. d4 cxd4 4. Nxd4 Nf6 5. Nc3 e5 6. Ndb5 d6 7. Bg5 a6 8. Na3 b5 9. Nd5 Be7 10. Bxf6 Bxf6 11. c3 0-0 12. Nc2 Bg5 13. a4 bxa4 14. Rxa4 a5 15. Bc4 Kh8 16. 0-0 f5 17. exf5 Bxf5 18. Nce3 Be6 19. Qd3 Ne7 20. Nxe7 Qxe7 21. Nd5 Qb7 22. b3 Rfc8 23. Rfa1 Rc5 24. Rd1 Qc6 25. Nb6 Qxb6 26. Bxe6 Re8 27. Bd5 Rf8 28. Ra2 Qc7 29. c4 Qb6 30. Be4 h6 31. Qxd6 Rd8 0-1

[Event "GER-chT U12"]
[Site "Magdeburg"]
[Date "2021.08.07"]
[Round "5.1"]
[White "Dorendorf, Mika"]
[Black "Espig, Nils"]
[Result "1/2-1/2"]
[WhiteElo "1492"]
[BlackElo "1601"]
[PlyCount "103"]
[EventDate "2021.08.04"]
[EventType "team-swiss"]
[EventRounds "7"]
[EventCountry "GER"]
[SourceTitle "EXT 2022"]
[Source "ChessBase"]
[SourceDate "2021.10.06"]
[SourceVersion "1"]
[SourceVersionDate "2021.10.06"]
[SourceQuality "1"]
[WhiteTeam "Hamburger SK"]
[BlackTeam "Dresden TU"]
[WhiteTeamCountry "GER"]
[BlackTeamCountry "GER"]

1. d4 d5 2. c4 dxc4 3. Nf3 Nf6 4. e3 e6 5. Bxc4 c5 6. 0-0 cxd4 7. exd4 Be7 8. Nc3 Nbd7 9. Re1 0-0 10. Bb3 Nb6 11. Bg5 h6 12. Bh4 Re8 13. Qd2 Nfd5 14. Bxe7 Rxe7 15. Re5 Nxc3 16. bxc3 Nd7 17. Re2 Nf6 18. Rae1 Rc7 19. c4 b6 20. Rd1 Ba6 21. Ne5 Nd7 22. Qc3 b5 23. Nxd7 Qxd7 24. Qf3 Bb7 25. Qd3 Rac8 26. c5 Rd8 27. Qc3 Qc6 28. f3 Rcd7 29. Qb4 Ra8 30. a4 a6 31. Bc2 Rdd8 32. Be4 Qd7 33. Bxb7 Qxb7 34. axb5 Qxb5 35. Qxb5 axb5 36. Rd3 Ra4 37. Red2 Rc4 38. Kf2 Kf8 39. Ke3 Ke7 40. f4 Rd7 41. Rb3 Rb7 42. Rdd3 Rc2 43. Rd2 Rc4 44. Rbb2 Kd7 45. Rdc2 Rxc2 46. Rxc2 Kc6 47. Ra2 b4 48. Kd3 Kb5 49. Ra1 Rd7 50. Ra8 Rb7 51. Ra1 g5 52. g3 1/2-1/2

[Event "GER-ch U12"]
[Site "Willingen"]
[Date "2020.10.31"]
[Round "7"]
[White "Kieselbach, Jannik"]
[Black "Dorendorf, Mika"]
[Result "0-1"]
[WhiteElo "1453"]
[BlackElo "1462"]
[PlyCount "168"]
[EventDate "2020.10.26"]
[EventType "swiss"]
[EventRounds "7"]
[EventCountry "GER"]
[SourceTitle "CBM 199 Extra"]
[Source "ChessBase"]
[SourceDate "2021.01.31"]
[SourceVersion "1"]
[SourceVersionDate "2021.01.31"]
[SourceQuality "1"]

1. d4 d5 2. c4 e6 3. Nc3 Nf6 4. Bg5 Be7 5. e3 0-0 6. Nf3 b6 7. cxd5 Nxd5 8. Bxe7 Nxe7 9. Qc2 Nd7 10. Rc1 c5 11. Be2 Bb7 12. 0-0 Rc8 13. Qa4 cxd4 14. Nxd4 Nc5 15. Qd1 Qd7 16. Bf3 Nd5 17. Nxd5 Bxd5 18. Bxd5 Qxd5 19. b3 Rfd8 20. Qg4 Qb7 21. f3 Nd7 22. Rcd1 Nf6 23. Qg3 Nd5 24. Rfe1 Qc7 25. Qxc7 Rxc7 26. Nb5 Rcd7 27. Nxa7 Nxe3 28. Rxd7 Rxd7 29. Rxe3 Rxa7 30. Rc3 Kf8 31. Rc2 Ke7 32. Kf2 Kd6 33. Ke3 Ke5 34. f4+ Kf5 35. h3 h5 36. a4 e5 37. fxe5 Kxe5 38. Rc6 Rb7 39. Rc4 g6 40. Kd3 Kd5 41. Kc3 Re7 42. Kb4 Re3 43. Rc3 Re5 44. Rc7 f6 45. Rc2 Re3 46. Rf2 f5 47. Rd2+ Kc6 48. Kc4 Re4+ 49. Kc3 Re3+ 50. Rd3 Re2 51. Rg3 Re6 52. b4 Kd5 53. Rd3+ Kc6 54. Kd2 Re4 55. Kc3 g5 56. Rd4 Re2 57. h4 Rxg2 58. hxg5 Rxg5 59. Rd3 h4 60. Kd2 Rg4 61. b5+ Kc5 62. Rf3 Kb4 63. Rxf5 Kxa4 64. Rh5 Rg2+ 65. Ke1 Rg4 66. Kf2 Rc4 67. Ke2 Rb4 68. Kd2 Rxb5 69. Rxh4+ Ka3 70. Kc2 Rc5+ 71. Kd2 b5 72. Rh8 b4 73. Ra8+ Kb2 74. Rd8 b3 75. Rd7 Ra5 76. Rf7 Ka2 77. Kc3 b2 78. Rf2 Ra3+ 79. Kb4 Rb3+ 80. Ka4 Ka1 81. Kxb3 b1Q+ 82. Kc4 Qe4+ 83. Kb5 Qd5+ 84. Ka6 Qc6+ 0-1

[Event "GER-ch U12"]
[Site "Willingen"]
[Date "2020.10.30"]
[Round "6"]
[White "Dorendorf, Mika"]
[Black "Deschler, Arne"]
[Result "1-0"]
[WhiteElo "1462"]
[BlackElo "1671"]
[PlyCount "99"]
[EventDate "2020.10.26"]
[EventType "swiss"]
[EventRounds "7"]
[EventCountry "GER"]
[SourceTitle "CBM 199 Extra"]
[Source "ChessBase"]
[SourceDate "2021.01.31"]
[SourceVersion "1"]
[SourceVersionDate "2021.01.31"]
[SourceQuality "1"]

1. d4 d5 2. c4 c6 3. cxd5 cxd5 4. Nc3 Nf6 5. Bf4 a6 6. e3 Bf5 7. Qb3 b5 8. h3 e6 9. Rc1 Bd6 10. Bxd6 Qxd6 11. Bxb5+ Nbd7 12. Bxd7+ Nxd7 13. Qd1 0-0 14. Nf3 Qb4 15. b3 Rfc8 16. Qd2 Rc7 17. 0-0 Rac8 18. Ne2 Qxd2 19. Nxd2 Rc2 20. a4 Bd3 21. Rfe1 Nb6 22. Rcd1 Ra2 23. Nc1 Rxc1 24. Rxc1 Rxd2 25. Red1 Rxd1+ 26. Rxd1 Bc2 27. Rc1 Bd3 28. Rc3 Be2 29. f3 a5 30. Kf2 Bc4 31. bxc4 dxc4 32. e4 Kf8 33. Ke3 Ke7 34. Rc1 Kf6 35. Rb1 Nxa4 36. Ra1 Nb2 37. Rxa5 c3 38. Rc5 g5 39. Ke2 Na4 40. Rc4 Nb6 41. Rxc3 Nd7 42. Ke3 Nf8 43. Rc7 Ng6 44. g3 e5 45. Rc6+ Ke7 46. dxe5 Nxe5 47. Rh6 Kf8 48. Rxh7 Ng6 49. Rh5 f6 50. f4 1-0

[Event "DSOL 06 Liga Gr-B 1st"]
[Site "Playchess.com INT"]
[Date "2020.08.14"]
[Round "2.3"]
[White "Dorendorf, Mika"]
[Black "Bauer, Thilo"]
[Result "0-1"]
[WhiteElo "1543"]
[BlackElo "1849"]
[PlyCount "44"]
[EventDate "2020.06.22"]
[EventType "team-tourn (rapid)"]
[EventCountry "GER"]
[SourceTitle "EXT 2021"]
[Source "ChessBase"]
[SourceDate "2020.10.23"]
[SourceVersion "1"]
[SourceVersionDate "2020.10.23"]
[SourceQuality "1"]
[WhiteTeam "Hamburger SK VII"]
[BlackTeam "Eschborn"]
[WhiteTeamCountry "GER"]
[BlackTeamCountry "GER"]

1. c4 e6 2. Nc3 f5 3. g3 Nf6 4. Bg2 Be7 5. d3 0-0 6. Nf3 d6 7. Bg5 e5 8. Bxf6 Bxf6 9. e4 f4 10. Nd5 Bg4 11. h3 Bxf3 12. Nxf6+ Qxf6 13. Qxf3 Nc6 14. 0-0 Nd4 15. Qd1 f3 16. Bh1 Qg5 17. Re1 Rf6 18. Re3 Raf8 19. Rb1 Qh6 20. Kh2 Qxh3+ 21. Kxh3 Rh6+ 22. Kg4 Rff6 0-1

[Event "DSOL 06 Liga Gr-B 1st"]
[Site "Playchess.com INT"]
[Date "2020.06.26"]
[Round "1.3"]
[White "Schlepuetz, Volker"]
[Black "Dorendorf, Mika"]
[Result "0-1"]
[WhiteElo "1565"]
[BlackElo "1543"]
[PlyCount "92"]
[EventDate "2020.06.22"]
[EventType "team-tourn (rapid)"]
[EventCountry "GER"]
[SourceTitle "EXT 2021"]
[Source "ChessBase"]
[SourceDate "2020.10.23"]
[SourceVersion "1"]
[SourceVersionDate "2020.10.23"]
[SourceQuality "1"]
[WhiteTeam "Essen Katernberg II"]
[BlackTeam "Hamburger SK VII"]
[WhiteTeamCountry "GER"]
[BlackTeamCountry "GER"]

1. d4 Nf6 2. c4 e6 3. Nf3 d5 4. Nc3 b6 5. Bf4 Bb7 6. cxd5 Nxd5 7. Nxd5 Bxd5 8. e3 Nd7 9. a3 c5 10. Bb5 a6 11. Bxd7+ Qxd7 12. 0-0 Be7 13. dxc5 Bxc5 14. b4 Be7 15. Rc1 0-0 16. Rc7 Qd8 17. e4 Bxe4 18. Qxd8 Bxd8 19. Rc3 Bf6 20. Be5 Bxf3 21. Bxf6 Bd5 22. Bd4 b5 23. Bc5 Rfd8 24. Bb6 Rdc8 25. Rfc1 Bc4 26. Rd1 Bd5 27. Bc5 Rd8 28. f3 Rac8 29. Kf2 Bc4 30. Rxd8+ Rxd8 31. Ke3 Rd1 32. h4 Re1+ 33. Kf2 Re2+ 34. Kg3 f5 35. a4 e5 36. axb5 f4+ 37. Kh3 Be6+ 38. Kh2 axb5 39. Rd3 Kf7 40. Rd8 Bc4 41. Rd6 Rb2 42. Kh3 Bf1 43. Rd7+ Kg6 44. Re7 Rxg2 45. h5+ Kxh5 46. Rxe5+ g5 0-1

[Event "GER Cup Net Final-C U1600"]
[Site "Playchess.com INT"]
[Date "2020.06.06"]
[Round "3"]
[White "Pye, Raymond"]
[Black "Dorendorf, Mika"]
[Result "1-0"]
[WhiteElo "1532"]
[BlackElo "1501"]
[PlyCount "75"]
[EventDate "2020.06.06"]
[EventType "swiss (blitz)"]
[EventRounds "13"]
[EventCountry "GER"]
[SourceTitle "CBM 197 Extra"]
[Source "ChessBase"]
[SourceDate "2020.09.30"]
[SourceVersion "1"]
[SourceVersionDate "2020.09.30"]
[SourceQuality "1"]

1. e4 c5 2. Nc3 e6 3. f4 d5 4. exd5 exd5 5. d4 Nc6 6. Nf3 Nf6 7. Be3 cxd4 8. Nxd4 Bb4 9. Bd3 Qb6 10. Nf5 Bxc3+ 11. bxc3 d4 12. Bxd4 Nxd4 13. Nxd4 0-0 14. 0-0 Bg4 15. Qd2 Rad8 16. Rab1 Qc7 17. Rb3 Rc8 18. f5 Rfe8 19. h3 Qg3 20. Qf4 Qxf4 21. Rxf4 Bd1 22. Rxb7 Nd5 23. Rf1 Nxc3 24. f6 gxf6 25. Rxf6 Rf8 26. Rh6 Bxc2 27. Bxc2 Nd5 28. Bxh7+ Kg7 29. Rh5 Nf6 30. Nf5+ Kh8 31. Bg6+ Kg8 32. Bxf7+ Rxf7 33. Nh6+ Kg7 34. Rxf7+ Kg6 35. Rxf6+ Kxh5 36. Nf7 Rc1+ 37. Kh2 Rc2 38. Rh6# 1-0

[Event "GER Pfingstopen U12"]
[Site "Playchess.com INT"]
[Date "2020.06.02"]
[Round "2"]
[White "Dorendorf, Mika"]
[Black "Reich, Dylan"]
[Result "1-0"]
[WhiteElo "1494"]
[BlackElo "1620"]
[PlyCount "83"]
[EventDate "2020.06.02"]
[EventType "swiss (blitz)"]
[EventRounds "11"]
[EventCountry "GER"]
[SourceTitle "CBM 197 Extra"]
[Source "ChessBase"]
[SourceDate "2020.09.30"]
[SourceVersion "1"]
[SourceVersionDate "2020.09.30"]
[SourceQuality "1"]

1. c4 f5 2. Nc3 g6 3. g3 Bg7 4. Bg2 Nf6 5. Nf3 d6 6. d4 Nc6 7. 0-0 0-0 8. Bg5 e5 9. dxe5 Nxe5 10. b3 Qe8 11. Rc1 Bd7 12. Bxf6 Bxf6 13. Nd5 Bd8 14. Qc2 Bc6 15. Qd2 Rc8 16. Nb4 Bf6 17. Nxc6 Nxc6 18. e3 Bg7 19. Nd4 Nxd4 20. exd4 Qd7 21. Rcd1 Rce8 22. Bxb7 c6 23. Ba6 Qc7 24. c5 d5 25. Bd3 Bxd4 26. Bxf5 Bxc5 27. Bc2 Qb6 28. Kg2 Rf7 29. Bd3 Ref8 30. f4 Be3 31. Qe2 d4 32. Bc4 c5 33. Rd3 Qc6+ 34. Kh3 Qd7+ 35. Kg2 Qc6+ 36. Rf3 Kg7 37. Bxf7 Rxf7 38. Qb2 Qe4 39. Rdxe3 Qd5 40. Re5 Qd6 41. Qe2 d3 42. Qxd3 1-0

[Event "GER Cup Net V2 U1600"]
[Site "Playchess.com INT"]
[Date "2020.05.22"]
[Round "8"]
[White "Dorendorf, Mika"]
[Black "Pottgiesser, Ulrich"]
[Result "0-1"]
[WhiteElo "1579"]
[BlackElo "1492"]
[PlyCount "144"]
[EventDate "2020.05.22"]
[EventType "swiss (blitz)"]
[EventRounds "9"]
[EventCountry "GER"]
[SourceTitle "EXT 2021"]
[Source "ChessBase"]
[SourceDate "2020.10.23"]
[SourceVersion "1"]
[SourceVersionDate "2020.10.23"]
[SourceQuality "1"]

1. e4 d5 2. exd5 Nf6 3. Nc3 Nxd5 4. Bc4 c6 5. Qf3 e6 6. Nxd5 cxd5 7. Bb3 Nd7 8. c3 Nf6 9. d4 Be7 10. Ne2 0-0 11. 0-0 b6 12. Qd3 Bb7 13. Be3 Rc8 14. Rac1 Qd7 15. c4 Ba6 16. Rc2 dxc4 17. Bxc4 Bxc4 18. Rxc4 Rxc4 19. Qxc4 Rc8 20. Qd3 Qc6 21. Rc1 Qb7 22. Rxc8+ Qxc8 23. Qc3 Qxc3 24. bxc3 Nd5 25. Bd2 Nc7 26. c4 Na6 27. d5 exd5 28. cxd5 Bd6 29. Nc3 Kf8 30. g3 Ke7 31. Ne4 Bb4 32. Bxb4+ Nxb4 33. Nc3 Kd6 34. Kf1 Nxd5 35. Nb5+ Kc5 36. Nxa7 Nc3 37. Nc8 Nxa2 38. Ke2 b5 39. Kd2 b4 40. Kc2 Kb5 41. Nd6+ Ka4 42. Nxf7 b3+ 43. Kb2 Nb4 44. Ng5 Nd3+ 45. Kb1 h6 46. Ne4 Ka3 47. f4 Ne1 48. Nf2 Nf3 49. h3 Nd2+ 50. Kc1 b2+ 51. Kxd2 b1Q 52. Ke3 Qe1+ 53. Kf3 Kb3 54. g4 Kc4 55. Ne4 Qf1+ 56. Ke3 Qxh3+ 57. Kf2 Qxg4 58. Nd2+ Kd3 59. Nf3 Qxf4 60. Kg2 g5 61. Ne1+ Ke2 62. Nc2 Qf3+ 63. Kh2 Qf4+ 64. Kg2 Qe4+ 65. Kg3 Qxc2 66. Kh2 Qd3 67. Kg2 h5 68. Kh2 h4 69. Kg2 g4 70. Kh2 Kf2 71. Kh1 Qf3+ 72. Kh2 Qg2# 0-1

[Event "GER Cup Net V2 U1600"]
[Site "Playchess.com INT"]
[Date "2020.05.22"]
[Round "4"]
[White "Homann, Christoph"]
[Black "Dorendorf, Mika"]
[Result "1-0"]
[WhiteElo "1499"]
[BlackElo "1579"]
[PlyCount "127"]
[EventDate "2020.05.22"]
[EventType "swiss (blitz)"]
[EventRounds "9"]
[EventCountry "GER"]
[SourceTitle "EXT 2021"]
[Source "ChessBase"]
[SourceDate "2020.10.23"]
[SourceVersion "1"]
[SourceVersionDate "2020.10.23"]
[SourceQuality "1"]

1. e4 c5 2. Nf3 e6 3. d4 cxd4 4. Nxd4 Bc5 5. Nb3 Bb6 6. c4 Ne7 7. Nc3 Nbc6 8. Bf4 Bc7 9. Be3 0-0 10. Be2 d5 11. cxd5 exd5 12. exd5 Nb4 13. Bf3 Bf5 14. 0-0 Nc2 15. Rc1 Nxe3 16. fxe3 Bb6 17. Qe2 Rc8 18. Kh1 Re8 19. e4 Bg6 20. Rfd1 Qd7 21. a4 Rxc3 22. bxc3 Qxa4 23. Nd4 Nxd5 24. Qb5 Qxb5 25. Nxb5 Nc7 26. Nxc7 Bxc7 27. Rd7 Bb6 28. Rxb7 h6 29. h3 Bxe4 30. Bxe4 Rxe4 31. c4 Re5 32. Rb8+ Kh7 33. Rf8 f6 34. Rc8 Re7 35. c5 Ba5 36. c6 Bc7 37. Ra8 Bb6 38. Rb8 Bc7 39. Rb7 Rf7 40. Rxa7 Re7 41. Rd1 Rf7 42. Rd7 Rxd7 43. cxd7 Bb6 44. Rb7 Ba5 45. Rb8 Bc7 46. d8Q Bxd8 47. Rxd8 Kg6 48. Kh2 Kf7 49. Rd7+ Kg6 50. Kg3 Kh7 51. Kf3 h5 52. h4 Kh6 53. Rd5 g5 54. hxg5+ fxg5 55. Rd6+ Kg7 56. Ke4 h4 57. Kf5 h3 58. gxh3 Kh7 59. Kxg5 Kg7 60. h4 Kg8 61. h5 Kh7 62. Rd7+ Kh8 63. Kg6 Kg8 64. Rd8# 1-0

[Event "GER Cup Net V2 U1600"]
[Site "Playchess.com INT"]
[Date "2020.05.22"]
[Round "1"]
[White "Schenk, Michael"]
[Black "Dorendorf, Mika"]
[Result "0-1"]
[WhiteElo "1359"]
[BlackElo "1579"]
[PlyCount "46"]
[EventDate "2020.05.22"]
[EventType "swiss (blitz)"]
[EventRounds "9"]
[EventCountry "GER"]
[SourceTitle "EXT 2021"]
[Source "ChessBase"]
[SourceDate "2020.10.23"]
[SourceVersion "1"]
[SourceVersionDate "2020.10.23"]
[SourceQuality "1"]

1. e4 c5 2. Nf3 e6 3. d4 cxd4 4. Nxd4 Bc5 5. Be3 Nc6 6. Nxc6 bxc6 7. Bxc5 Qa5+ 8. Nc3 Qxc5 9. Bd3 Ne7 10. 0-0 0-0 11. Kh1 d5 12. Re1 Bd7 13. exd5 cxd5 14. a3 Qxf2 15. Qe2 Qxe2 16. Rxe2 Rab8 17. b4 Rfc8 18. Na4 Bxa4 19. Rc1 Rc3 20. h3 Rbc8 21. Kg1 Rxd3 22. cxd3 Rxc1+ 23. Kf2 h6 0-1